El Fons Ramon Cunill (empresa de fusta) de l'Arxiu Nacional de Catalunya (1942-1955) : fons núm. 327 / a cura de Pilar Frago Pérez fons núm. 327 / a cura de Pilar Frago Pérez
Descripción Física:
23 p. ; 29 cm
Otros Autores:
Frago Pérez, Pilar
MARC
| LEADER | 00000nam a2200000Ia 4500 | ||
|---|---|---|---|
| 001 | 11406 | ||
| 003 | BGR | ||
| 005 | 20260324175402.0 | ||
| 008 | 160829s1995 xx 000 0 cat d | ||
| 080 | |a A-1-77 | ||
| 110 | 2 | |a Arxiu Nacional de Catalunya |9 55117 | |
| 245 | |a El Fons Ramon Cunill (empresa de fusta) de l'Arxiu Nacional de Catalunya (1942-1955) : |b fons núm. 327 / a cura de Pilar Frago Pérez | ||
| 260 | |a [Sant Cugat del Vallès] : |b [Arxiu Nacional de Catalunya], Àrea de Fons Històrics, |c 1995 | ||
| 300 | |a 23 p. ; |c 29 cm | ||
| 610 | 2 | 0 | |a Arxiu Nacional de Catalunya |v Catàlegs |9 56080 |
| 650 | |a Cunill, Ramon |x Arxius |x Catàlegs |9 30505 | ||
| 650 | |a Fusta |x Indústria i comerç |x Catalunya |x Història |x Fonts |x Bibliografia |x Catàlegs |9 30506 | ||
| 700 | |a Frago Pérez, Pilar |9 30662 | ||
| 710 | 2 | |9 55117 |a Arxiu Nacional de Catalunya |b Àrea de Fons Històrics | |
| 901 | |a Arxiu | ||
| 942 | |n 1 |2 udc |c MON | ||
| 952 | |0 0 |1 0 |4 0 |6 A177 |7 1 |9 45434 |a Arxiu |b Arxiu |d 2016-12-01 |l 0 |o A-1-77 |p 11406 |r 2016-12-01 00:00:00 |w 2016-12-01 |y ARXIU | ||
| 999 | |c 48556 |d 48556 | ||